Europe states at 1300 AD - Statistics

General Stats
  • This quiz has been taken 103 times
    94 since last reset
  • The average score is 46 of 71
Answer Stats
Actual state Former state % Correct
United Kingdom Kingdom of Scotland
89%
United Kingdom, France and Ireland Kingdom of England
88%
Portugal Kingdom of Portugal
85%
Italy and Vatican City Papal States
85%
Spain, France, Italy and Malta Crown of Aragon
84%
Poland Duchy of Greater Poland
84%
Poland Kingdom of Poland
84%
Sweden and Finland Kingdom of Sweden
84%
Andorra Principality of Andorra
84%
Italy, Slovenia, Croatia, Bosnia, Greece and Ukraine Republic of Venice
83%
Denmark, Germany, Sweden and Estonia Kingdom of Denmark
82%
Norway, Sweden, Iceland and Denmark Kingdom of Norway
82%
Turkey, Greece, Bulgaria Byzantine Empire
80%
Austria, Switzerland, Germany Duchy of Austria
80%
Italy Kingdom of Naples
80%
Lithuania, Belarus and Poland Grand Duchy of Lithuania
78%
France, Spain and Belgium Kingdom of France and Navarre
78%
Hungary, Slovakia, Romania, Bosnia, Serbia, Croatia Kingdom of Hungary
78%
San Marino Republic of San Marino
78%
Serbia, Montenegro, Albania, Bosnia, Macedonia, Bulgaria Kingdom of Serbia
77%
Switzerland Swiss Conferderacy
77%
Ireland Kingdom of Leinster
76%
Bulgaria and Romania Principality of Karvuna
76%
Poland Duchy of Masovia
73%
Germany, Italy, Netherlands, Belgium, Austria, etc. Holy Roman Empire
73%
United Kingdom and Ireland Kingdom of Tyrone
73%
Poland Duchy of Lower Silesia
72%
Poland Duchy of Sandomierz
72%
Poland Duchy of Upper Silesia
72%
Russia Grand Duchy of Moscow
72%
Czech Republic, Germany, Poland Kingdom of Bohemia
72%
Belarus Principality of Minsk
72%
Italy Republic of Florence
72%
Russia and Belarus Grand Principality of Smolensk
71%
Finland and Russia Republic of Novgorod
71%
Bulgaria Bulgarian Empire
68%
Russia Grand Principality of Vladimir
67%
Cyprus Kingdom of Cyprus
67%
Ireland Kingdom of Desmond
67%
Ukraine, Russia and Belarus Principality of Chernigov
67%
Ukraine Principality of Pereyaslavl
67%
Spain Crown of Castile
66%
Ireland Kingdom of Thomond
66%
Ukraine Principality of Kiev
66%
Belarus and Poland Principality of Turov
66%
Ireland Kingdom of Argíalla
65%
France and Germany Duchy of Burgundy
63%
Greece Duchy of Naxos
63%
Ireland Kingdom of Cornnacht
63%
Ireland Kingdom of East Bréifne
63%
Ireland Kingdom of Osraige
63%
Ireland Kingdom of West Bréifne
63%
Italy, France and Monaco Republic of Genoa
63%
Italy Giudicato of Arborea
62%
Greece Duchy of Athens
61%
Estonia, Latvia, Lithuania, Russia and Poland Teutonic State
61%
Greece Principality of Achaea
57%
Spain Emirate of Granada
52%
France Duchy of Brittany
51%
Russia, Ukraine, Romania, Moldova, Belarus Golden Horde
41%
Ukraine, Poland, Romania, Moldova, Slovakia Kingdom of Ruthenia
41%
Italy Republic of Pisa
40%
Greece Order of Hospitaller
38%
Greece Despotate of Epirus
33%
Italy Republic of Lucca
32%
Italy Republic of Ancona
21%
Spain and France Kingdom of Mallorca
15%
Ukraine, Russia and Turkey Trebizond Empire
13%
Belarus Principality of Polotsk
12%
Italy Principality of Taranto
7%
Italy Republic of Noli
7%
No matching quizzes found
Score Distribution
Percent of People with Each Score
Percentile by Number Answered
Your Score History
You have not taken this quiz since the last reset